000 00386nam a2200145Ia 4500
005 20250729165746.0
008 250729s2013 xx 000 0 und d
041 _aeng
082 _a930.7 SHIV
100 _aDr.S.Shivayya
_9232285
245 _aVishayadaritha ithihasa mattu pouranithi
260 _aDhavanagere
_bPooja Prakashana
_c2013
300 _a244p
650 _aHistory
_9232286
999 _c239706
_d239706